|
|
|
|
| LEADER |
00000nab a2200000 a 4500 |
| 001 |
vtls001006137 |
| 003 |
SK-MaSNL |
| 005 |
20260303041704.0 |
| 008 |
040720e19990622xo 0 slo |
| 035 |
|
|
|a RV6737
|
| 040 |
|
|
|a RVGKPD
|b slo
|c RVGKPD
|e AACR2
|
| 041 |
0 |
|
|a slo
|
| 044 |
|
|
|a xo
|c SK
|
| 080 |
|
|
|a 796.332
|2 1981
|
| 100 |
1 |
|
|a Dávid, Ladislav,
|d 1954-
|4 aut
|9 1023876
|
| 245 |
1 |
0 |
|a Úprimný kolektívny vzťah k rožňavskému dresu a farbám mesta
|b Ladislav Dávid, prezident MFK VTJ Rožňava
|
| 300 |
|
|
|b 1 foto
|
| 650 |
0 |
7 |
|a futbal
|2 RVGKPD
|9 3291
|
| 651 |
|
7 |
|a Rožňava (Slovensko)
|2 RVGKPD
|9 17394
|
| 655 |
|
7 |
|a periodikum
|2 snkbucl
|9 29553
|
| 700 |
1 |
0 |
|a Kováč, Juraj,
|d 1945-
|4 aut
|9 214202
|
| 773 |
0 |
8 |
|t Zora Gemera
|g Roč. 7, č.25, 22.6.1999, s. 7
|
| 852 |
|
|
|a ZVYKNI
|b KIS3GCP
|
| 999 |
|
|
|c 1688310
|d 1690240
|